Incomplete Movie Titles #3 - Statistics

General Stats
  • This quiz has been taken 101 times
  • The average score is 19 of 30
Answer Stats
Hint Answer % Correct
The Day ____ Tomorrow After
98%
Inspector ____ Gadget
89%
Snakes On A ____ Plane
85%
Deep ____ Sea Blue
82%
Law Abiding ____ Citizen
82%
A ____'s Life Bug
80%
This Means ____ War
80%
Percy Jackson & The ____ Thief Lightning
75%
What Happens In ____ Vegas
75%
Van ____ Helsing
71%
Me, Myself & ____ Irene
68%
Observe And ____ Report
65%
Whiskey ____ Foxtrot Tango
65%
____ Dark Thirty Zero
62%
____ Eye Eagle
60%
____ Has Fallen Olympus
60%
Get ____ Smart
60%
John ____ Must Die Tucker
60%
Team ____: World Police America
58%
Kill Your ____ Friends
52%
Max ____ Payne
52%
Blue ____ Beetle
51%
The Other ____ Woman
49%
____ One Year
49%
____ Brown Harry
45%
After The ____ Sunset
45%
Race To ____ Mountain Witch
45%
Free ____ Guy
43%
A Perfect ____ Getaway
38%
The Lovely ____ Bones
37%
No matching quizzes found
Score Distribution
Percent of People with Each Score
Percentile by Number Answered
Your Score History
You have not taken this quiz